| 000 | 00398nam a22001577a 4500 | ||
|---|---|---|---|
| 003 | CEME | ||
| 005 | 20210628204721.0 | ||
| 008 | 210222b xxu||||| |||| 00| 0 eng d | ||
| 040 | _c. | ||
| 082 | _a297 SID'Q | ||
| 100 |
_aSiddiqui, Mazheruddin _971943 |
||
| 245 | _aThe quranic concept of history | ||
| 260 |
_aISLAMABAD _bISLAMIC RESEARCH INSTITUTE _c1993 |
||
| 300 | _a237P | ||
| 942 |
_cBK _2ddc |
||
| 999 |
_c578201 _d578201 |
||